Finite Groups
Αποθηκεύτηκε σε:
| Συγγραφή απο Οργανισμό/Αρχή: | |
|---|---|
| Άλλοι συγγραφείς: | |
| Μορφή: | Πρακτικό Συνεδρίου Βιβλίο |
| Γλώσσα: | English |
| Δημοσίευση: |
Providence :
American Mathematical Society,
1979.
|
| Σειρά: | Proceedings of symposia in pure mathematics ;
1 |
| Θέματα: | |
| Ετικέτες: |
Προσθήκη ετικέτας
Δεν υπάρχουν, Καταχωρήστε ετικέτα πρώτοι!
|
MARC
| LEADER | 00000cam a2200000 i 4500 | ||
|---|---|---|---|
| 001 | 1/45778 | ||
| 008 | 941103s1979 riu ||| | eng|| | ||
| 020 | |a 082181401X | ||
| 035 | |a 1993 |l 10042628 | ||
| 040 | |a GR-MY-UA |b gre |e aacr | ||
| 041 | 0 | |a eng | |
| 082 | 0 | |a 512.2 | |
| 111 | 2 | |a Symposium in Pure Mathematics |d (1959 : |c New York) | |
| 245 | 1 | 0 | |a Finite Groups / |c Editorial Committee A.A. Albert |
| 260 | |a Providence : |b American Mathematical Society, |c 1979. | ||
| 300 | |a 110 σ. ; |c 25 εκ. | ||
| 490 | 1 | |a (Proceedings of symposia in pure mathematics |v ; 1) | |
| 500 | |a Περιέχει ευρετήριο. | ||
| 500 | |a Proceedings of a Symposiym in Pure Mathematics of the American Mathematical Society Held in New York, April 23-24, 1959. | ||
| 650 | 0 | 0 | |a Finite groups |x Congresses. |
| 700 | 1 | |a Albert, A. Adrian |q (Abraham Adrian), |d 1905-1972, |e edt | |
| 830 | 0 | |a Proceedings of symposia in pure mathematics ; |v 1 | |
| 852 | |a INST |b SAMOS |e 19941103 |h 512.2 SYM |p 005300007397 |q 005300007397 |t BK |y 0 | ||